Las Ordenanzas de 1766 del Consulado de Comercio de Cataluña y el llamado Proyecto de Código de Comercio de 1814 de la Diputación Provincial de Cataluña / José Sarrión Gualda, M. Jesús Espuny Tomàs
Descripción Física:
244 p. ; 24 cm
Otros Autores:
Espuny i Tomàs, M. Jesús
MARC
| LEADER | 00000nam a2200000Ia 4500 | ||
|---|---|---|---|
| 001 | 9595 | ||
| 008 | 160829s1989 xx 000 0 cat d | ||
| 080 | |a D-1-30 | ||
| 100 | |a Sarrión i Gualda, Josep |9 17442 | ||
| 245 | |a Las Ordenanzas de 1766 del Consulado de Comercio de Cataluña y el llamado Proyecto de Código de Comercio de 1814 de la Diputación Provincial de Cataluña / José Sarrión Gualda, M. Jesús Espuny Tomàs | ||
| 260 | |a Madrid : |b Ministerio de Justicia. Secretaría General Técnica, |c 1989 | ||
| 300 | |a 244 p. ; |c 24 cm | ||
| 590 | |a Publicat a la revista 'Documentación Jurídica'. Tomo XVI, abril-junio 1989, núm. 62 | ||
| 650 | |a Dret mercantil |x Legislació |x 1814 |9 35885 | ||
| 650 | |a Consulat de Comerç de Catalunya |x Ordenances |x 1766 |9 35886 | ||
| 700 | |a Espuny i Tomàs, M. Jesús |9 35887 | ||
| 710 | |a Espanya. |b Ministerio de Justicia |9 2834 | ||
| 901 | |a Arxiu | ||
| 942 | |n 1 | ||
| 952 | |0 0 |1 0 |4 0 |6 D130 |7 1 |9 47111 |a Arxiu |b Arxiu |d 2016-12-01 |l 0 |o D-1-30 |p 9595 |r 2016-12-01 00:00:00 |w 2016-12-01 |y ARXIU | ||
| 999 | |c 50906 |d 50906 | ||